| 000 | 01390nam a22003374a 4500 | ||
|---|---|---|---|
| 001 | ebr10285382 | ||
| 003 | CaPaEBR | ||
| 006 | m u | ||
| 007 | cr cn||||||||| | ||
| 008 | 070130s2007 laua sb 001 0beng | ||
| 010 | _z 2007004411 | ||
| 020 | _z9780807132753 (cloth : alk. paper) | ||
| 040 |
_aCaPaEBR _cCaPaEBR |
||
| 035 | _a(OCoLC)614594478 | ||
| 043 | _an-us-tx | ||
| 050 | 1 | 4 |
_aLD6053 _b.B65 2007eb |
| 082 | 0 | 4 |
_a378.1/11 _aB _222 |
| 100 | 1 | _aBoles, John B. | |
| 245 | 1 | 0 |
_aUniversity builder _h[electronic resource] : _bEdgar Odell Lovett and the founding of the Rice Institute / _cJohn B. Boles. |
| 260 |
_aBaton Rouge, La. : _bLouisiana State University Press, _cc2007. |
||
| 300 |
_axiv, 295 p. : _bill. |
||
| 504 | _aIncludes bibliographical references (p. [275]- 281) and index. | ||
| 533 |
_aElectronic reproduction. _bPalo Alto, Calif. : _cebrary, _d2013. _nAvailable via World Wide Web. _nAccess may be limited to ebrary affiliated libraries. |
||
| 600 | 1 | 0 |
_aLovett, Edgar Odell, _d1871-1957. |
| 610 | 2 | 0 |
_aRice University _xPresidents _vBiography. |
| 610 | 2 | 0 |
_aWilliam M. Rice Institute _xHistory. |
| 650 | 0 |
_aCollege presidents _zTexas _vBiography. |
|
| 655 | 7 |
_aElectronic books. _2local |
|
| 710 | 2 | _aebrary, Inc. | |
| 856 | 4 | 0 |
_uhttp://site.ebrary.com/lib/rucke/Doc?id=10285382 _zAn electronic book accessible through the World Wide Web; click to view |
| 999 |
_c1932 _d1932 |
||